Sustainable Energy and Transportation Technologies and Policy /

This book presents an integrated approach to sustainably fulfilling energy requirements, considering various energy-usage sectors and applicable technologies in those sectors. It discusses smart cities, focusing on the design of urban transport systems and sources of energy for mobility. It also sha...

Full description

Bibliographic Details
Corporate Author: SpringerLink (Online service)
Other Authors: Gautam, Anirudh (Editor, http://id.loc.gov/vocabulary/relators/edt), De, Sudipta (Editor, http://id.loc.gov/vocabulary/relators/edt), Dhar, Atul (Editor, http://id.loc.gov/vocabulary/relators/edt), Gupta, Jai Gopal (Editor, http://id.loc.gov/vocabulary/relators/edt), Pandey, Ashok (Editor, http://id.loc.gov/vocabulary/relators/edt)
Format: Electronic eBook
Language:English
Published: Singapore : Springer Singapore : Imprint: Springer, 2018.
Edition:1st ed. 2018.
Series:Energy, Environment, and Sustainability,
Subjects:
Online Access:Full Text via HEAL-Link
LEADER 04672nam a2200565 4500
001 978-981-10-7509-4
003 DE-He213
005 20191029003019.0
007 cr nn 008mamaa
008 171201s2018 si | s |||| 0|eng d
020 |a 9789811075094  |9 978-981-10-7509-4 
024 7 |a 10.1007/978-981-10-7509-4  |2 doi 
040 |d GrThAP 
050 4 |a TJ807-830 
072 7 |a THX  |2 bicssc 
072 7 |a TEC031010  |2 bisacsh 
072 7 |a THV  |2 thema 
082 0 4 |a 621.042  |2 23 
245 1 0 |a Sustainable Energy and Transportation   |h [electronic resource] :  |b Technologies and Policy /  |c edited by Anirudh Gautam, Sudipta De, Atul Dhar, Jai Gopal Gupta, Ashok Pandey. 
250 |a 1st ed. 2018. 
264 1 |a Singapore :  |b Springer Singapore :  |b Imprint: Springer,  |c 2018. 
300 |a XIV, 292 p. 124 illus., 103 illus. in color.  |b online resource. 
336 |a text  |b txt  |2 rdacontent 
337 |a computer  |b c  |2 rdamedia 
338 |a online resource  |b cr  |2 rdacarrier 
347 |a text file  |b PDF  |2 rda 
490 1 |a Energy, Environment, and Sustainability,  |x 2522-8366 
505 0 |a Part I Sustainable Energy and Transportation Technologies -- Introduction: Sustainable utilization of available energy sources for meeting development objectives -- Shifting Focus from Supply to Demand - The Changing Face of Transportation towards Sustainability -- Sustainable transport solutions for the concept of Smart City -- Role of Electric Vehicles in Future Road Transport -- Supplementing the Energy Need of Diesel Engines in Indian Transport and Power Sectors -- Coal Energy Sustainability in India -- Part II Sustainable Energy Policies -- Investments in Clean Energy in South Asia: Visiting barriers and gaps from the perspective of policies and politics -- Renewable Energy Policies in India: A State-level Analysis -- Improving the sustainability of Waste Water Treatment through Solar Assisted Multiple Effect Evaporators -- Making Indian Power Sector Low Carbon: Opportunities and Policy Challenges -- Waste Heat Recovery Policy -- Part III Enactment of Sustainable Energy -- Role of biomass for distributed energy solution in India -- Biomass based distributed energy systems: opportunities and challenges -- Individual Consumption and Its Effects on Carbon Emissions: A Comparison of Developed and Developing Countries -- A Decomposition Analysis of the Manufacturing Sector of the Eastern States of India, 2010-15. 
520 |a This book presents an integrated approach to sustainably fulfilling energy requirements, considering various energy-usage sectors and applicable technologies in those sectors. It discusses smart cities, focusing on the design of urban transport systems and sources of energy for mobility. It also shares thoughts on individual consumption for ensuring the sustainability of energy resources and technologies for emission reductions for both mobility and stationary applications. For the latter, it examines case studies related to energy consumption in the manufacturing sector as well as domestic energy requirements. In addition it explores various distribution and policy aspects related to the power sector and sources of energy such as coal and biomass. This book will serve as a valuable resource for researchers, practitioners, and policymakers alike. . 
650 0 |a Renewable energy resources. 
650 0 |a Transportation. 
650 0 |a Transportation engineering. 
650 0 |a Traffic engineering. 
650 1 4 |a Renewable and Green Energy.  |0 http://scigraph.springernature.com/things/product-market-codes/111000 
650 2 4 |a Transportation.  |0 http://scigraph.springernature.com/things/product-market-codes/119000 
650 2 4 |a Transportation Technology and Traffic Engineering.  |0 http://scigraph.springernature.com/things/product-market-codes/T23120 
700 1 |a Gautam, Anirudh.  |e editor.  |4 edt  |4 http://id.loc.gov/vocabulary/relators/edt 
700 1 |a De, Sudipta.  |e editor.  |4 edt  |4 http://id.loc.gov/vocabulary/relators/edt 
700 1 |a Dhar, Atul.  |e editor.  |4 edt  |4 http://id.loc.gov/vocabulary/relators/edt 
700 1 |a Gupta, Jai Gopal.  |e editor.  |4 edt  |4 http://id.loc.gov/vocabulary/relators/edt 
700 1 |a Pandey, Ashok.  |e editor.  |4 edt  |4 http://id.loc.gov/vocabulary/relators/edt 
710 2 |a SpringerLink (Online service) 
773 0 |t Springer eBooks 
776 0 8 |i Printed edition:  |z 9789811075087 
776 0 8 |i Printed edition:  |z 9789811075100 
776 0 8 |i Printed edition:  |z 9789811356469 
830 0 |a Energy, Environment, and Sustainability,  |x 2522-8366 
856 4 0 |u https://doi.org/10.1007/978-981-10-7509-4  |z Full Text via HEAL-Link 
912 |a ZDB-2-ENE 
950 |a Energy (Springer-40367)